Die Miniaturen der Berliner Baisonqur-Handschrift

Bibliographic Details
Other Authors: Enderlein, Volkmar (upr)
Format: Book
Language:German
PhysicalDescription:28 s. fareb. obr., 46 s. 19 cm
Published: Leipzig Insel-Verlag 1976
Edition:2. Aufl.
Subjects:

MARC

LEADER 00000nam a2200000 a 4500
001 vtls001224873
003 SK-MaSNL
005 20260301234231.0
008 210928s1976 DE h 0 ger
020 |c 20,00 
035 |a SNK000171574 
040 |a SNK  |b slo  |c SNK  |e AACR2 
044 |a DE 
080 |a 75.056(5+6)(083.81)  |2 1981 
245 1 4 |a Die Miniaturen der Berliner Baisonqur-Handschrift  |c herausgegeben von Volkmar Enderlein 
250 |a 2. Aufl. 
260 |a Leipzig  |b Insel-Verlag  |c 1976 
300 |a 28 s. fareb. obr., 46 s.  |c 19 cm 
650 0 7 |a miniatúry islámske  |x katalógy  |2 SNK  |9 629931 
700 1 |a Enderlein, Volkmar  |4 upr  |9 629932 
958 |a OND 
999 |c 969366  |d 971296 
952 |t P60, <04>, [BOOK], {604}  |a SNK  |b SNK  |y VYP  |7 0  |p 17A0024105  |o snkID 96048  |i snkK 90/97  |0 0  |1 0  |4 0  |d 1996-12-10  |l 0  |r 2005-01-01 00:00:00  |w 2026-02-24